| 000 | 00543nam a2200181 i 4500 | ||
|---|---|---|---|
| 001 | 128238 | ||
| 003 | ES-MaACL | ||
| 005 | 20230906193215.0 | ||
| 007 | t| | ||
| 008 | 070626s1967 sp ||||1| spa d | ||
| 100 | 1 |
_aZinty, Maurice. _9118296 |
|
| 245 | 1 | 0 |
_aProblema de pastoral urbana / _cMaurice Zinty ; versión castellana de Pedro Núñez. |
| 250 | _a[1ª ed.]. | ||
| 260 |
_aBarcelona : _bNova Terra, _c[1967] ( _fDiamante) |
||
| 300 |
_a206 p. ; _c17 cm. |
||
| 700 | 1 |
_aNuñez, Pedro. _986165 |
|
| 852 |
_aES-MaACL _jC-32676 _bR.63573 |
||
| 999 |
_c128238 _d128238 |
||